Protect and enhance your estate : definitive strategies for estate and wealth planning

Bibliographic Details
Main Author: Esperti, A Robert
Corporate Author: Cahoone, K. David
Other Authors: Peterson, L. Renno
Format: Book
Published: New York : McGraw-Hill , 2012
Edition:3rd ed.
Subjects:

MARC

LEADER 00000cam a2200000 7i4500
001 0000024750
005 20130315.0
008 130313 xxua
020 |a 9780071787895 ,   |c RM94.80 
040 |a INS 
090 0 0 |a KF750   |b E87 2012 
100 1 |a Esperti, A Robert 
245 1 0 |a Protect and enhance your estate :   |b definitive strategies for estate and wealth planning   |c Robert A. Esperati, Renno L. Peterson and David K. Cahoone 
250 |a 3rd ed. 
260 |a New York :   |b McGraw-Hill ,   |c 2012 
300 |a xi,356p :   |b ill ;   |c 26cm. 
500 |a Include index 
650 0 |a Estate planning   |z United States 
700 0 |a Peterson, L. Renno 
710 0 |a Cahoone, K. David 
999 |a 1000001020   |b BOOK   |c Open Shelf   |e Default branch 
999 |a 1000001124   |b BOOK   |c Open Shelf   |e Default branch